000 00653nam a22002417a 4500
001 44848
003 UA-OsUOA
005 20220602180021.0
007 ta
008 20110620b un ||||| |||| 00| 0 ukr d
040 _aUA-OsUOA
_bukr
_cUA-OsUOA
_dUA-OsUOA
041 _aukr
080 _a94(47+57)
090 _a94(47+57)
100 _aShonk K.
245 _aМарш червоних в карикатурах
300 _a107 c.
650 7 _a94 Історія Росії
_2UDC
942 _cBK
_2udc
955 _a4
999 _c424952
_d424952